{"text_format":"3","workbook":"xls","n_sheets":1,"sheets":["邳州分公司"],"read":"whole","date_system":"1900","formulas":"cached_only"}

{"sheet":"邳州分公司","index":0,"n_rows":29,"n_cols":13,"rows_kept":29,"merged":[[0,2,0,11],[1,2,1,11],[2,2,2,11],[7,2,7,11],[8,2,8,11],[9,2,9,11]],"flags":["formulas_cached_only"]}
[null,null,"五金收料统计日报表"]
[null,null,"日期： 2019    年    4  月  17  日                             填表人： 梅瑞雪"]
[null,null,"单位：大力神管桩有限公司"]
[null,"入库单号","品名","规格","数量","单位","单价","金额","供应商名称","联系方式","采购员","检验员","备注"]
[null,"WIN0050190","线耳","300A",20,"个",2.5,50,"邳州市玲峰电气有限公司",13375100588,"刘江山","梅瑞雪","铜开口鼻"]
[null,null,"换向阀",null,2,"个",245,490,{"$nulls":3},"李勇","华德电磁换向阀4W6J61B/CW220-50N9Z5L"]
[]
[null,null,"五金收料统计日报表"]
[null,null,"日期： 2019    年    4  月  19  日                             填表人： 梅瑞雪"]
[null,null,"单位：大力神管桩有限公司"]
[null,"入库单号","品名","规格","数量","单位","单价","金额","供应商名称","联系方式","采购员","检验员","备注"]
[null,"WIN0050199","脱模剂","200kg/桶",40,"桶",380,15200,"沧州祥顺化工有限公司",null,"刘江山","梅瑞雪","8吨*1900元/吨"]
[null,"WIN0050212","离心机锥度套",null,10,"个",360,3600,"马鞍山顺昌机械科技有限公司",null,"刘江山","汤旭","φ125紧固套"]
[null,"WIN0050213","铜排","20*50",20,"根",483.3,9666,"徐州铜峰有色金属有限公司",null,"刘江山","王庆洛","179kg*54元/kg"]
[null,"WIN0050214","电磁阀","4V410-10",20,"个",58,1160,"邳州市电料总汇",null,"刘江山","马娇梅","SXC"]
[null,"WIN0050215","平光眼镜","焊工用",10,"只",3,30,"现金（邳州石荣海建材五金）",null,"刘江山","李秦","黑色镜片"]
[null,null,"五孔插座",null,30,"个",4,120,null,null,"刘江山","马娇梅","奥利浦"]
[null,"WIN0050216","带锯条",null,5,"个",175,875,"徐州海量物资贸易有限公司",13852447828,"刘江山","李秦","NA RUI3505 3/4"]
[null,"WIN0050217","气管","12",300,"米",1.85,555,"徐州市上德电器物资有限公司",13905211103,"刘江山","马娇梅","艾尔森"]
[null,null,"气管","16",300,"米",3,900,null,null,"刘江山","马娇梅","兰仕"]
[null,"WIN0050218","多级泵","7.5KW",1,"套",2180,2180,"徐州映光物资贸易有限公司",null,"刘江山","吕臣辉","保定亨通泵业+太仓市环泰电机"]
[null,"WIN0050219","三相附着式振动器","0.75kw",6,"台",260,1560,"徐州市天隆机电设备有限公司",82182586,"刘江山","吕臣辉","上海正波，三相平板振动器"]
[null,"WIN0050220","不锈钢球阀","DN50",2,"个",60,120,"现金供应商",13775880188,"刘江山","王苏涛"]
[null,"WIN0050221","角磨机",null,5,"台",102,510,"现金供应商（徐州田氏工具有限公司）",13645228991,"刘江山","马娇梅","东城03-100"]
[null,null,"风镐","G10",2,"台",285,570,null,null,"刘江山","李勇","开山牌气镐"]
[null,"WIN0050222","减速机",null,1,"台",780,780,"现金供应商（邳州市陇海机电门市）",null,"刘江山","崔永科","JZQ250鑫达40-17"]
[null,"WIN0050223","气缸","TC100*200",10,"个",120,1200,"现金供应商（淮北市相山区派克气动液压销售部）",18852112763,"刘江山","汤旭","CNSUPAI"]
[null,null,"气缸","63*100",10,"个",55,550,null,null,"刘江山","汤旭","TC，CNSUPAI"]
[null,null,"气缸支架",null,5,"个",18,90,null,null,"刘江山","汤旭","中支架"]